00334nam a2200109Ia 450000500170000000800410001710000200005824500850007826000310016330000100019465000200020420260328101506.0260328s9999||||xx |||||||||||||| ||und|| aNeutra, Richard 0aRichard Neutra on Building :b Mystery & realities of the site /cRichard Neutra bMorgan & Morgan Publishers a64 p. aNeutra, Richard